000
00334nam a2200157Ia 4500
100
_a
Rana Aradhana
650
_a
Communication Skill
942
_c
BK
366
_f
20
245
_a
English communication made easy
260
_b
Ane Books
_c
2013
082
_a
371.2
_b
RAN
300
_a
379
546
_a
ENGLISH
_c
TTL
999
_c
21251
_d
21251